书目信息 |
| 题名: |
外国民间歌曲选
|
|
| 作者: | 储声虹 主编 ;温恒泰 卷主编 | |
| 分册: | ||
| 出版信息: | 北京 人民音乐出版社 2001 |
|
| 页数: | 280页 | |
| 开本: | 26cm | |
| 丛书名: | 声乐艺术教育丛书 | |
| 单 册: | ||
| 中图分类: | J652.2 | |
| 科图分类: | ||
| 主题词: | 民歌--外国--选集 , CT--S052736--民歌 | |
| 电子资源: | ||
| ISBN: | 7-103-02206-2 | |
| 000 | 00912oam2 2200265 45 | |
| 001 | 012001095333 | |
| 005 | 20070807084746.06 | |
| 010 | @a7-103-02206-2@dCNY29.50 | |
| 100 | @a20011130d2001 em y0chiy0110 ea | |
| 101 | 0 | @achi |
| 102 | @aCN@b110000 | |
| 105 | @ag z 000yy | |
| 200 | 1 | @a外国民间歌曲选@9wai guo min jian ge qu xuan@f储声虹等主编@g温恒泰卷主编 |
| 210 | @a北京@c人民音乐出版社@d2001@h2004 | |
| 215 | @a280页@d26cm | |
| 225 | 2 | @a声乐艺术教育丛书@i声乐教学曲库@i外国作品@v1 |
| 330 | @a本册收录了《纺织姑娘》、《三套车》、《伏尔加船夫曲》、《小杜鹃》、《友谊地久天长》、《北国之春》等78首外国民间歌曲。 | |
| 462 | 0 | @12001 @a声乐教学曲库@i外国作品@v1 |
| 606 | 0 | @a民歌@y外国@j选集 |
| 606 | 0 | @2CT@3S052736@a民歌 |
| 690 | @aJ652.2@v4 | |
| 701 | 0 | @a储声虹@9chu sheng hong@4主编 |
| 702 | 0 | @a温恒泰@9wen heng tai@4卷主编 |
| 801 | 0 | @aCN@bNLC@c20070807 |
| 905 | @a10447@dJ652.2@e465:1 | |
| 外国民间歌曲选/储声虹等主编/温恒泰卷主编.-北京:人民音乐出版社,2001(2004) |
| 280页;26cm.-(声乐艺术教育丛书.声乐教学曲库.外国作品;1) |
| ISBN 7-103-02206-2:CNY29.50 |
| 本册收录了《纺织姑娘》、《三套车》、《伏尔加船夫曲》、《小杜鹃》、《友谊地久天长》、《北国之春》等78首外国民间歌曲。 |
| ● |
| 相关链接 |
|
|
|
|
正题名:外国民间歌曲选
索取号:J652.2/465:1
 
预约/预借
| 序号 | 登录号 | 条形码 | 馆藏地/架位号 | 状态 | 备注 |
| 1 | 0802573 | 208025732 | 第一样本阅览室/ [索取号:J652.2/465:1] | 在馆 | |
| 2 | 0802574 | 208025741 | 第一借阅区/ [索取号:J652.2/465:1] | 在馆 | |
| 3 | 0802575 | 208025750 | 第一借阅区/ [索取号:J652.2/465:1] | 在馆 | |
| 4 | 0802577 | 208025778 | 音乐系资料室/ [索取号:J652.2/465:1] | 在馆 |